[Event "Veneto-ch qf 62nd"]
[Site "Arqua Petrarca"]
[Date "2002.05.04"]
[Round "1.21"]
[White "Levi Minzi, Matteo"]
[Black "Mocellin, Gianfranco"]
[Result "1/2-1/2"]
[WhiteElo "1425"]
[BlackElo "1675"]
[PlyCount "47"]
[EventDate "2002.05.04"]
[EventType "swiss"]
[EventRounds "6"]
[EventCountry "ITA"]
[SourceTitle "EXT 2024"]
[Source "ChessBase"]
[SourceDate "2023.10.10"]
[SourceVersion "1"]
[SourceVersionDate "2023.10.10"]
[SourceQuality "1"]

1. Nf3 d5 2. d4 e6 3. Bf4 Bd6 4. Qd2 Nc6 5. Bxd6 Qxd6 6. a3 h6 7. Nc3 a6 8. e4 Nge7 9. e5 Qd8 10. Bd3 0-0 11. Ne2 f5 12. Nf4 Qe8 13. h4 Ng6 14. Rh3 Nxf4 15. Qxf4 Qe7 16. Rg3 Kh8 17. h5 Bd7 18. Nh4 Be8 19. Rg6 Kh7 20. 0-0-0 Bxg6 21. Nxg6 Qg5 22. Nxf8+ Rxf8 23. Qxg5 hxg5 24. g4 1/2-1/2